000 00470nam a22001937a 4500
005 20230623084752.0
008 141013b xxu||||| |||| 00| 0 eng d
020 _c35.00
040 _aLoreto College
041 _aEnglish
082 _a301.2
_bCHA
100 _aChaudhuri, Nirad C.
245 _aCulture in the vanity bag
_cNirad C. Chaudhuri
260 _aBombay
_bJaico
_c1976
300 _a146p.
_b23p.
650 _aSociology
850 _aLCLIB
942 _cBK
999 _c39523
_d90002